000 01793 a2200229 4500
001 28252
005 20260407155554.0
008 260407a2014 arg spa d
003 AR-UNSa-BCEJYS
040 _aAR-UNSa-BCEJYS
_bspa
_cAR-UNSa-BCEJYS
080 _a338.26
_xPlanes económicos. Planificación de la economía
245 1 0 _aPlanificación, prospectiva y gestión pública
_preflexiones para la agenda de desarrollo
020 _a978-92-1-121831-2
264 1 _aSantiago de Chile :
_bCEPAL (Comisión Económica para América Latina y el Caribe)
_c2014
300 _a243 p.
_c22 cm.
505 _a1. La historia y los retos del desarrollo latinoamericano - 2. Planificación y desarrollo con igualdad en América Latina y el Caribe: tendencias del desarrollo y la desigualdad durante los últimos 20 años - 3. Notas sobre el desarrollo y globalización en América Latina - 4. La planificación en Europa: del abandono a un cierto resurgir, bajo nuevas formas - 5. Origen, evolución y situación actual de las políticas territoriales en América Latina en los siglos XX y XXI - 6. Reflexiones sobre la gestión por resultados - 7. La articulación entre el plan y el presupuesto: un tema recurrente en el trabajo del ILPES en la región - 8. Gestión pública y desarrollo - 9. El avance de la prospectiva en América Latina y el Caribe: factor esencial para un nuevo paradigma de planificación para el desarrollo en el siglo XXI - 10. El ILPES: reflexiones sobre su historia y perspectivas de futuro
942 _cBK
590 _aniveau_biblio:m niveau_hierar:0
100 1 _aMáttar, Jorge
700 1 _aPerrotti, Daniel E.
856 4 1 _uhttps://biblioeco.unsa.edu.ar/pmb/images/libros/Planificacion, prospectiva y gestion publica-l120000.jpg
_yImagen de portada
_qimage/jpeg
999 _c1683
_d1683